00398nam a2200157Ia 4500003000400000005001700004008004100021040000700062041000800069082002300077100002500100245003700125260005000162365001300212650001500225OSt20230508063141.0210423s2000 xx 000 0 und d cAL aeng a155.633 223bRIDO aRIDER (Elizabeth A). aOur voices: psychology of women. aAustraliabWadsworth Publishing Companyc2000 b965cINR aPsychology